Statystyki dla Koło fortuny państw v1

Kliknij tutaj aby rozwiązać quiz!

Ogólne statystyki

  • Ten quiz został rozwiązany 269 razy
  • Średni wynik to 9 z 15

Odpowiedzi na mapie

Odpowiedzi skodowane kolorowo w zielono-czerwonej skali na mapie do tego quizu, zgodnie z poniższymi procentami.
 

Statystyki odpowiedzi

Państwo% Poprawnych
Niemcy
91%
Islandia
77%
Kazachstan
76%
Nowa Zelandia
71%
Kuba
66%
Słowacja
65%
Czad
60%
Laos
59%
Nepal
59%
Peru
58%
Jordania
47%
Boliwia
44%
Nikaragua
36%
Burkina Faso
35%
Gwinea Równikowa
33%

Rozkład punktacji

Percentyl według liczby udzielonych odpowiedzi

Procent ludzi z każdym wynikiem

Twoja historia wyników

Nie rozwiązałeś tego quizu